| Tag |
First Indicator |
Second Indicator |
Subfields |
| LEADER |
00000pam a2200000 a 4500 |
| 001 |
in00000078884 |
| 005 |
20151008055136.0 |
| 008 |
800821s1981 ctua b 00110 engm |
| 010 |
|
|
|a 80021375
|
| 020 |
|
|
|a 0300024657
|
| 035 |
|
|
|a (OCoLC)06707267
|
| 035 |
|
|
|9 AAJ2664AM
|
| 040 |
|
|
|a DLC
|c DLC
|d m.c.
|d TXA
|d UtOrBLW
|
| 043 |
|
|
|a e-uk-en
|
| 049 |
|
|
|a TXAM
|c [1804224]
|
| 050 |
0 |
0 |
|a HV844.G72
|b L65
|
| 082 |
0 |
|
|a 362.7/32/0942142
|2 19
|
| 100 |
1 |
|
|a McClure, Ruth K.,
|d 1916-
|
| 245 |
1 |
0 |
|a Coram's children :
|b the London Foundling Hospital in the eighteenth century /
|c Ruth K. McClure.
|
| 264 |
|
1 |
|a New Haven :
|b Yale University Press,
|c 1981.
|
| 300 |
|
|
|a xiii, 321 pages :
|b illustrations ;
|c 24 cm.
|
| 336 |
|
|
|a text
|b txt
|2 rdacontent
|
| 337 |
|
|
|a unmediated
|b n
|2 rdamedia
|
| 338 |
|
|
|a volume
|b nc
|2 rdacarrier
|
| 500 |
|
|
|a Includes index.
|
| 504 |
|
|
|a Bibliography: pages 298-310.
|
| 610 |
2 |
0 |
|a Foundling Hospital (London, England)
|x History
|y 18th century.
|
| 999 |
|
|
|a MARS
|
| 999 |
f |
f |
|s 11a2ec15-11b3-3c66-a490-ba4c23cce172
|i ca6661b6-e167-3148-9931-9286c8d52a71
|t 0
|
| 952 |
f |
f |
|p ric
|a Texas A&M University
|b Rellis Campus
|c Joint Library Facility
|d Remote Storage
|t 0
|e HV844.G72 L65
|h Library of Congress classification
|i unmediated -- volume
|m A14806145813
|
| 998 |
f |
f |
|a HV844.G72 L65
|t 0
|l Remote Storage
|